Bankopoisťovníctvo - pojem, história a vznik

Vysvetlenie pojmu bankopoisťovníctvo a prehľad dostupnej literatúry. História a vznik bankopoisťovníctva. Inštitucionalizácia bánk a poisťovní. Akciové spoločnosti ako organizačná forma v oblasti poisťovníctva.

Salvato in:
Dettagli Bibliografici
Autore principale: Korauš, Antonín
Natura: Capitolo di libro
Lingua:slovacco
Soggetti:
Tags: Aggiungi Tag
Nessun Tag, puoi essere il primo ad aggiungerne!!

MARC

LEADER 00000naa$a2200000$$$4500
001 0053105
005 20240502071620.1
041 0 |a slo 
044 |a SK 
245 1 0 |a Bankopoisťovníctvo - pojem, história a vznik  |c Anton Korauš 
520 |a Vysvetlenie pojmu bankopoisťovníctvo a prehľad dostupnej literatúry. História a vznik bankopoisťovníctva. Inštitucionalizácia bánk a poisťovní. Akciové spoločnosti ako organizačná forma v oblasti poisťovníctva. 
610 2 0 |a pojmy 
610 2 0 |a bankopoisťovne 
610 2 0 |a banky 
610 2 0 |a poisťovne 
610 2 0 |a história 
100 1 |a Korauš, Antonín